| 000 | 00348 a2200145 4500 | ||
|---|---|---|---|
| 003 | Nust | ||
| 005 | 20170207153513.0 | ||
| 040 | _cNust | ||
| 082 | _a954 | ||
| 100 | _aMiles .W | ||
| 245 |
_aHistory of Tipu Sultan _cMir Hssain Ali and Col W Miles |
||
| 260 |
_aRawalpindi _bService Book Club _c1986 |
||
| 300 | _a186:p | ||
| 650 | _aHistory Of Tipu Sultan | ||
| 942 |
_2ddc _cBK |
||
| 999 |
_c187487 _d187487 |
||